International Journal of Oral & maxillofacial Implants (Record no. 30408)

MARC details
000 -LEADER
fixed length control field 00244nam a22000977a 4500
003 - CONTROL NUMBER IDENTIFIER
control field SGT
245 ## - TITLE STATEMENT
Title International Journal of Oral & maxillofacial Implants
260 ## - PUBLICATION, DISTRIBUTION, ETC. (IMPRINT)
Name of publisher, distributor, etc Quintessence Publisher
Year of Publication 2022
300 ## - PAGE DESCRIPTION
No. of Pages 1-607,608-1267
942 ## - ADDED ENTRY ELEMENTS (KOHA)
Source of classification or shelving scheme Dewey Decimal Classification
Koha item type Back Volumes
Holdings
Withdrawn status Lost status Source of classification or shelving scheme Damaged status Use restrictions Not for loan Home library Current library Date acquired Volume Information (Serial or Books or Non-Book Material) SGTU Total Checkouts Accession No. (Barcode) Date last seen Bill Date Koha item type
    Dewey Decimal Classification   Restricted Access Not For Loan SGT Dental Library SGT Dental Library 24/03/2025 Vol.37 (1-3) SGTU   PD1343 24/03/2025 24/03/2025 Back Volumes
    Dewey Decimal Classification   Restricted Access Not For Loan SGT Dental Library SGT Dental Library 24/03/2025 Vol.37 (4-6) SGTU   PD1344 24/03/2025 24/03/2025 Back Volumes